| 000 | 00594nam a2200181 i 4500 | ||
|---|---|---|---|
| 001 | bg | ||
| 245 | 1 | 0 |
_aMatematyczno-komputerowy model kryminalistycznego badania przyczyn i okoliczności pożarów : _b(rozprawa habilitacyjna) / _cAntoni Kwiatkowski [et al.]. |
| 260 |
_aWarszawa : _b"Czasopisma Wojskowe", _c1989. |
||
| 490 | 1 | _aBiblioteka Wiedzy Pożarniczej | |
| 650 | 9 |
_aPożar _abadanie |
|
| 700 | 1 | _aKwiatkowski, Antoni | |
| 830 | _aBiblioteka Wiedzy Pożarniczej | ||
| 040 | _cBPK | ||
| 041 | 0 | _apol | |
| 080 | _a614.84 | ||
| 942 | _cKS | ||
| 008 | s pl f |000 0 pol | ||
| 999 |
_c35535 _d35535 |
||
| 856 |
_uhttp://koha.tu.koszalin.pl/cgi-bin/koha/opac-detail.pl?biblionumber=35535 _yKatalog online BPK |
||